| 000 | 00432nam a2200181Ia 4500 | ||
|---|---|---|---|
| 001 | 19664 | ||
| 005 | 20260306172709.0 | ||
| 008 | 260306t2015||||xx |||||||||||||| ||spa|| | ||
| 041 | _aESP | ||
| 082 |
_a340.9734 _bA37 |
||
| 100 |
_aAlcaraz, Enrique _eAUT |
||
| 245 | 0 | _aEl inglés jurídico norteamericano | |
| 260 | _c2015 | ||
| 300 |
_a413 páginas : _c23 cm. |
||
| 650 | _aGEN | ||
| 654 | _aCDE | ||
| 942 |
_cLIB _dJUS _fJUS _2ddc _n |
||
| 999 |
_c19664 _d19664 |
||